000 00201 a2200097 4500
001 11662
100 _aJane's
245 _aJane's airtraffic control 1995-96
260 _a
_bJ
_c
090 _c8972
_d8972
942 _aNUST-CAE
_cM
_c35791
999 _c246735
_d246735